Los 10 Mandamientos de Dios - Estadísticas

Estadísticas generales
  • Esta prueba ha sido intentada 57 veces
  • La puntuación promedio es 3 de 10
Estadísticas de respuestas
Respuesta % Correcto
No matarás
90%
No robarás
88%
Honrarás a tu padre y a tu madre
38%
Amarás a Dios sobre todas las cosas
27%
Santificarás las fiestas
27%
No tomarás el nombre de Dios en vano
21%
No cometerás actos impuros
15%
No codiciarás los bienes ajenos
10%
No consentirás pensamientos ni deseos impuros
6%
No darás falso testimonio ni mentirás
6%
No se encontraron pruebas coincidentes
Distribución de puntuación
Porcentaje de gente con cada puntuación
Porcentaje por número respondido
Historial de tus puntuaciones
No has intentado esta prueba.